00320nam a2200097Ia 4500008004100000245009200041245001800133260000900151650001400160856004800174171211s9999 xx 000 0 und d aLess Than Zero: The Case for a Falling Price Level in a Growing Economy (Hobart Papers) cGeorge Selgin c1997 xEconomics uhttp://down.ebook777.com/065/0255364024.pdf